000 00647nam a2200217 i 4500
001 bg
245 0 0 _aPolski kodeks handlowy =
_bThe Polish commercial code /
_ctł. Roman Poplawski.
246 1 1 _aPolish commercial code
250 _aStan prawny na dzień 1 stycznia 1999 r.
260 _aWarszawa :
_b"ABC",
_ccop. 1999.
300 _a369, [3] s. ;
_c22 cm.
500 _aTekst równol. pol., ang.
650 9 _aPrawo handlowe
_zPolska
_ystan na 1999 r.
020 _a8387286826
040 _cBPK
041 0 _aplen
080 _a347.7(438)(094.4)
920 _a83-87286-82-6
942 _cKS
008 s pl f |000 0 pol
999 _c36420
_d36420
856 _uhttp://koha.tu.koszalin.pl/cgi-bin/koha/opac-detail.pl?biblionumber=36420
_yKatalog online BPK